Calculus: (Record no. 12264)

MARC details
000 -LEADER
fixed length control field 00452nam a22001817a 4500
003 - CONTROL NUMBER IDENTIFIER
control field MUT
005 - DATE AND TIME OF LATEST TRANSACTION
control field 20240606081220.0
008 - FIXED-LENGTH DATA ELEMENTS--GENERAL INFORMATION
fixed length control field 170928b xxu||||| |||| 00| 0 eng d
020 ## - INTERNATIONAL STANDARD BOOK NUMBER
International Standard Book Number 0321270002
040 ## - CATALOGING SOURCE
Transcribing agency MUT
050 ## - LIBRARY OF CONGRESS CALL NUMBER
Classification number QA 303
Item number .A28 2006
100 ## - MAIN ENTRY--PERSONAL NAME
Personal name Adams, Robert A.
245 ## - TITLE STATEMENT
Title Calculus:
Remainder of title a complete course
250 ## - EDITION STATEMENT
Edition statement 6th ed.
260 ## - PUBLICATION, DISTRIBUTION, ETC.
Place of publication, distribution, etc. Toronto
Name of publisher, distributor, etc. Pearson/ Addison Wesley
Date of publication, distribution, etc. c2006
650 ## - SUBJECT ADDED ENTRY--TOPICAL TERM
Topical term or geographic name entry element Calculus
Form subdivision Textbooks
942 ## - ADDED ENTRY ELEMENTS (KOHA)
Source of classification or shelving scheme Library of Congress Classification
Koha item type Books
Holdings
Withdrawn status Lost status Source of classification or shelving scheme Damaged status Not for loan Home library Current library Shelving location Date acquired Source of acquisition Total checkouts Full call number Barcode Date last seen Price effective from Koha item type Date last checked out
    Library of Congress Classification     MUT Mariira Campus Library MUT Mariira Campus Library General stacks 09/10/2017 Donation-TFC   QA303 .A28 2006 013103 09/10/2017 09/10/2017 Books  
    Library of Congress Classification     Murang'a University of Technology Library Murang'a University of Technology Library General stacks 28/09/2017 Donation-TFC   QA303 .A28 2006 014811 28/09/2017 28/09/2017 Books  
    Library of Congress Classification     Murang'a University of Technology Library Murang'a University of Technology Library General stacks 03/10/2017 Donation-TFC 7 QA 303 .A28 2006 014331 26/09/2024 03/10/2017 Books 18/09/2024
    Library of Congress Classification     Murang'a University of Technology Library Murang'a University of Technology Library General stacks 09/10/2017 Donation-TFC   QA 303 .A28 2006 013360 09/10/2017 09/10/2017 Books  
    Library of Congress Classification     Murang'a University of Technology Library Murang'a University of Technology Library General stacks 25/06/2018 Donation from-TFC 2 QA 303 .A28 2006 022493 05/02/2026 25/06/2018 Books 08/12/2025